| 000 | 00601nam a2200217 u 4500 | ||
|---|---|---|---|
| 005 | 20240925064959.0 | ||
| 008 | 090323s2007 es r 000 0 spa d | ||
| 020 | _a9788498420586 | ||
| 035 | _aUPN01000170025 | ||
| 049 | _aCG | ||
| 050 | 4 |
_aLB1051 _bG6.2 |
|
| 100 | 1 | _aGonzález, Eugenio | |
| 245 | 1 | 0 |
_aAprendizajes y diversidad educativa / _cEugenio González. |
| 260 |
_aMadrid : _bCCS, _cc2007. |
||
| 300 | _a396 p. | ||
| 440 | 0 |
_aEducar ; _v41 |
|
| 650 | 4 |
_aPsicopedagogía _95085 |
|
| 650 | 4 |
_aPsicología del aprendizaje _95221 |
|
| 650 | 4 |
_aCONDUCTA ESTUDIANTIL _99301 |
|
| 905 | _aLibro | ||
| 999 |
_c142131 _d142131 |
||